Sports Quiz

Random Sports or NCAA Quiz
Score 0/40 Timer 10:00
0 Plays Today
Hint Answer % Correct
Passing YardsLamar Jackson
100%
Passing TouchdownsLamar Jackson
100%
Rushing YardsLamar Jackson
100%
Rushing TouchdownsLamar Jackson
100%
Receiving YardsArnold Jackson
100%
Receiving TouchdownsArnold Jackson
100%
ReceptionsArnold Jackson
100%
Scrimmage YardsArnold Jackson
100%
Passing YardsTeddy Bridgewater
83.3%
Passing TouchdownsTeddy Bridgewater
83.3%
Passing YardsBrian Brohm
79.2%
Passing TouchdownsBrian Brohm
79.2%
Rushing TouchdownsMichael Bush
75%
Scrimmage YardsMichael Bush
75%
Passing YardsChris Redman
70.8%
Passing TouchdownsChris Redman
70.8%
Receiving YardsDevante Parker
66.7%
Receiving TouchdownsDevante Parker
66.7%
Passing YardsDave Ragone
54.2%
Passing TouchdownsDave Ragone
54.2%
Hint Answer % Correct
Receiving YardsIbn Green
50%
Receiving TouchdownsIbn Green
50%
ReceptionsIbn Green
50%
Receiving YardsHarry Douglas
41.7%
Rushing TouchdownsEric Shelton
37.5%
Rushing YardsFrank Moreau
25%
Rushing TouchdownsFrank Moreau
25%
Scrimmage YardsRalph Dawkins
25%
ReceptionsEli Rogers
20.8%
Receiving YardsJR Russell
16.7%
Receiving TouchdownsJR Russell
16.7%
ReceptionsJR Russell
16.7%
Rushing YardsWalter Peacock
8.3%
Rushing YardsNathan Poole
8.3%
Rushing YardsHoward Stevens
8.3%
ReceptionsMiguel Montano
8.3%
Scrimmage YardsWalter Peacock
8.3%
Rushing TouchdownsAnthony Shelman
4.2%
Receiving TouchdownsAnthony Cummings
4.2%
Scrimmage YardsDeon Booker
4.2%
Remove Ads.
Support Sporcle.
Get the best of Sporcle when you Go Orange. This ad-free experience offers more features, more stats, and more fun while also helping to support Sporcle. Thank you for becoming a member.

You're not logged in!

Compare scores with friends on all Sporcle quizzes.
OR
Log In

Show Comments

Extras

Top Quizzes Today


Score Distribution

Your Account Isn't Verified!

In order to create a playlist on Sporcle, you need to verify the email address you used during registration. Go to your Sporcle Settings to finish the process.

Report this User

Report this user for behavior that violates our Community Guidelines.

Details: